Richest Countries in 1950 - Statistics

General Stats
  • This quiz has been taken 319 times
  • The average score is 15 of 20
Answer Stats
GDP per capita Country % Correct
$9,573 United States
99%
$5,221 France
94%
$7,047 Canada
91%
$4,281 West Germany
90%
$6,738 Sweden
89%
$4,969 Norway
88%
$7,218 Australia
87%
$3,425 Italy
86%
$5,850 Netherlands
86%
$6,683 Denmark
85%
$8,939 Switzerland
84%
$5,348 Belgium
83%
$4,131 Finland
81%
$8,495 New Zealand
79%
$3,731 Austria
74%
$3,518 Ireland
72%
$4,987 Argentina
59%
$3,827 Chile
49%
$2,480 Hungary
30%
$7,424 Venezuela
29%
No matching quizzes found
Score Distribution
Percent of People with Each Score
Percentile by Number Answered
Your Score History
You have not taken this quiz